Inventario : Arquivo do Concello ... / dirección: Miguel A. Pereira Figueroa Arquivo do Concello ... / dirección:
Descripción Física:
v. ; 22 cm
MARC
| LEADER | 00000nam a2200000Ia 4500 | ||
|---|---|---|---|
| 001 | 12489, 12490, 12491, 12492, 12493, 12494, 12495, 12496, 12497, 12498, 12563, 12562, 12561, 12560, 12559, 12558, 12565, 12564, 15762, 15763, 15764, 15765, 15766, 15767, 15768, 15769, 15770, 17858, 17859, 17860, 17861 | ||
| 008 | 160829s9999 xx 000 0 cat d | ||
| 080 | |a A-2-3, A-2-4, A-2-5, A-2-6, A-2-7, A-2-8, A-2-9, A-2-10, A-2-11, A-2-12, A-2-13, A-2-14, A-2-15, A-2-16, A-2-17, A-2-18, A-2-19, A-2-20, A-2-191, A-2-192, A-2-193, A-2-194, A-2-195, A-2-196, A-2-197, A-2-198, A-2-199, A-2-253, A-2-254, A-2-255, A-2-256 | ||
| 245 | |a Inventario : |b Arquivo do Concello ... / dirección: |b Miguel A. Pereira Figueroa | ||
| 260 | |a Pontevedra: |b Deputación Provincial de Pontevedra, Servicio de Publicacións, DL 1996 - | ||
| 300 | |a v. ; |c 22 cm | ||
| 490 | |a Patrimonio Documental da Provincia de Pontevedra | ||
| 590 | |a Conté: v. 1: Mondariz; v. 2: Gondomar; v. 3: Salceda de Caselas; v. 4:Instituto de Pontevedra; v. 5: Silleda; v. 6: Campolameiro; v. 7: Inventario do patrimonio documental das entidades locais menores de Galicia; v. 8: Agolada; v. 9: Catoira; v. 10: Tomiño; v. 11: Mos; v. 12: As Neves; v. 13: O Grove; v. 14: Covelo; v. 15: Crecente; v. 16: A Guarda; v. 17: O Rosal; v. 18: Forcarei; v. 45: Valga; v. 46: Oia; v. 47: Salvaterra de Miño; v. 48: Lalín; v. 49: Redondela; v. 50: Fornelos de Montes; v. 51: A Estrada; v. 52: O Porriño; v. 53: Baiona; v. 59: Bueu; v. 60: Cámara Agraria Provincial de Pontevedra : irmandades e Cámaras Locais de Pontevedra e de Vilanova de Arousa; v. 61: Nigrán; v. 62: Tui. | ||
| 590 | |a Inclouen el quadre de classificació. | ||
| 590 | |a Text en gallec | ||
| 650 | |a Arxius municipals |x Pontevedra |x Catàlegs |9 35800 | ||
| 700 | |a Pereira Figueroa, Miguel A. |9 35801 | ||
| 700 | |a Pontevedra. Diputación. Servicio de Publicaciones |9 35802 | ||
| 866 | |a 1, 2, 3, 4, 5, 6, 7, 8, 9, 10, 11, 12, 13, 14, 15, 16, 17, 18, 45, 46, 47, 48, 49, 50, 51, 52, 53, | ||
| 901 | |a Arxiu | ||
| 942 | |n 1 | ||
| 952 | |0 0 |1 0 |4 0 |6 A23_A24_A25_A26_A27_A28_A29_A210_A211_A212_A213_A214_A215_A216_A217_A218_A219_A220_A2191_A2192_A2193_A2194_A2195_A2196_A2197_A2198_A2199_A2253_A2254_A2255_A2256 |7 1 |9 47076 |a Arxiu |b Arxiu |d 2016-12-01 |l 0 |o A-2-3, A-2-4, A-2-5, A-2-6, A-2-7, A-2-8, A-2-9, A-2-10, A-2-11, A-2-12, A-2-13, A-2-14, A-2-15, A-2-16, A-2-17, A-2-18, A-2-19, A-2-20, A-2-191, A-2-192, A-2-193, A-2-194, A-2-195, A-2-196, A-2-197, A-2-198, A-2-199, A-2-253, A-2-254, A-2-255, A-2-256 |p 12489, 12490, 12491, |r 2016-12-01 00:00:00 |w 2016-12-01 |y ARXIU | ||
| 999 | |c 50870 |d 50870 | ||